00505 2200193 4500001002100000005001500021008004100036020002200077035001900099041000700118082001000125090001600135100002000151245007500171260002200246300002200268500000600290650001500296INLIS00000000000002120241224112113241224||||||||| | ||| |||| || |  a978-979-077-860-3 0010-1224000021 aid0 a373.1 a373.1 MAH m0 aTim Yrama Widya00aMahir Menghadapi Ujian Nasional dan Ujian Sekolah SMA/MA IPS 2012/2013 bYrama Widyac2012 a482 hlm,: 29,7 cm a1 0apendidikan